| 000 | 00000nas 2200000zi 4500 |
| 001 | 9.903549 |
| 003 | CaOODSP |
| 005 | 20251023075759 |
| 006 | m o d f |
| 007 | cr cn |||||||| |
| 008 | 210922c20199999oncar p o f0###a0eng|d |
| 022 | |a2818-4378|y2564-1301 |
| 040 | |aCaOODSP|beng|erda|cCaOODSP |
| 043 | |an-cn--- |
| 086 | 1 |aDG2-10E-PDF|zDG2-5E-PDF |
| 110 | 1 |aCanada. |bMilitary Grievances External Review Committee, |eauthor, |eissuing body. |
| 222 | 0|aAnnual report on the Privacy Act |b(Canada. Military Grievances External Review Committee) |
| 245 | 10|aAnnual report on the Privacy Act. |
| 264 | 1|aOttawa, Ontario : |bMilitary Grievances External Review Committee = Comité externe d'examen des griefs militaires, |c[2019]- |
| 310 | |aAnnual |
| 336 | |atext|btxt|2rdacontent |
| 337 | |acomputer|bc|2rdamedia |
| 338 | |aonline resource|bcr|2rdacarrier |
| 362 | 1 |aBegan with: 2018/2019. |
| 500 | |aIssued also in French under title: Rapport annuel de ... sur la Loi sur la protection des renseignements personnels. |
| 588 | |aDescription based on: 2018/2019. |
| 588 | |aLatest issue consulted: 2022/2023. |
| 610 | 10|aCanada. |bMilitary Grievances External Review Committee|vPeriodicals. |
| 610 | 10|aCanada. |tPrivacy Act|vPeriodicals. |
| 650 | 0|aPrivacy, Right of|zCanada|vPeriodicals. |
| 655 | 7|aPeriodicals|2lcgft |
| 775 | 08|tRapport annuel de ... sur la Loi sur la protection des renseignements personnels.|w(CaOODSP)9.903554 |
| 780 | 00|t.... annual reports on the Access to Information Act and the Privacy Act |w(CaOODSP)9.826551 |